[Event "39th Trusts Chess Open A"]
[Site "Henderson, Auckland NZL"]
[Date "2016.06.04" ]
[Round "2"]
[White "Dive, Russell J"]
[Black "Thornton, Giovanni A"]
[Result "1-0"]
[WhiteElo "2452"]
[BlackElo "2235"]
[PlyCount "0"]
[EventDate "2016.06.04"]
[SourceDate ""]

1. Nf3 e6 2. g3 Nf6 3. Bg2 d5 4. O-O Be7 5. c4 O-O 6. d4 c6 7. b3 Nbd7 8. Bb2
b6 9. Qc2 Bb7 10. Nc3 Rc8 11. e4 c5 12. e5 Ng4 13. cxd5 cxd4 14. Nxd4 Bxd5 15.
Bxd5 exd5 16. e6 Ndf6 17. Qe2 Nh6 18. Rad1 Re8 19. exf7+ Nxf7 20. Ne6 Qd7 21.
Nxg7 Qh3 22. Nxe8 Rxe8 23. Nxd5 Nh5 1-0

[Event "39th Trusts Chess Open A"]
[Site "Henderson, Auckland NZL"]
[Date "2016.06.04" ]
[Round "2"]
[White "Duneas, John"]
[Black "Kulashko, Alexei"]
[Result "0-1"]
[WhiteElo "2220"]
[BlackElo "2429"]
[PlyCount "0"]
[EventDate "2016.06.04"]
[SourceDate ""]

1. d4 g6 2. c4 Bg7 3. Nc3 c5 4. d5 Bxc3+ 5. bxc3 f5 6. Qc2 Nf6 7. g3 d6 8. Bg2
Qa5 9. f3 Nbd7 10. e3 Nb6 11. Bf1 e5 12. h3 Bd7 13. Kf2 e4 14. f4 Ba4 15. Qb2
Qa6 16. Qe2 Bb3 17. axb3 Qxa1 18. Qc2 a5 19. Ne2 a4 20. Bg2 axb3 21. Qxb3 Nfd7
22. Rd1 Qa4 23. Qxa4 Rxa4 24. g4 Nxc4 25. gxf5 gxf5 26. h4 Nf6 27. Bh3 Rg8 28.
Bxf5 Ng4+ 29. Bxg4 Rxg4 30. Rh1 Ra1 31. Rh3 b5 32. Ke1 Nb2 33. Kd2 Nd3 34. Rh2
Ra2+ 35. Kd1 Nxc1 36. Kxc1 Rg1+ 37. Nxg1 Rxh2 0-1

[Event "39th Trusts Chess Open A"]
[Site "Henderson, Auckland NZL"]
[Date "2016.06.04" ]
[Round "2"]
[White "Hague, Ben"]
[Black "Gong, Daniel Hanwen"]
[Result "1-0"]
[WhiteElo "2428"]
[BlackElo "2218"]
[PlyCount "0"]
[EventDate "2016.06.04"]
[SourceDate ""]

1. e4 c5 2. Nf3 e6 3. d4 cxd4 4. Nxd4 a6 5. Nc3 Qc7 6. Bd3 Nf6 7. f4 d6 8. Qf3
b5 9. a3 Bb7 10. g4 Nc6 11. Be3 Be7 12. g5 Nd7 13. Qh3 Nxd4 14. Bxd4 e5 15. Be3
exf4 16. Bxf4 Ne5 17. O-O-O Rc8 18. Kb1 Qd8 19. Bxe5 dxe5 20. Bxb5+ axb5 21.
Rxd8+ Rxd8 22. g6 h6 23. gxf7+ Kf8 24. Qe6 Rd6 25. Qxe5 Kxf7 26. Rf1+ Rf6 27.
Rxf6+ gxf6 28. Qxb5 Bc8 29. Qh5+ Kg7 30. Nd5 Bd6 31. Ne3 Be5 32. Nf5+ Bxf5 33.
exf5 Rb8 34. Qg6+ Kh8 35. Qxh6+ Kg8 36. b4 Rd8 37. Qh5 Ra8 38. Qg4+ Kf7 39. Ka2
Rc8 40. c4 Rg8 41. Qf3 Rh8 42. h3 Rh4 43. c5 Ke7 44. Qb7+ Kd8 45. c6 Rd4 46. b5
Rd2+ 47. Kb3 Rd3+ 48. Kc2 1-0

[Event "39th Trusts Chess Open A"]
[Site "Henderson, Auckland NZL"]
[Date "2016.06.04" ]
[Round "2"]
[White "McNabb, Matthew D"]
[Black "Garbett, Paul A"]
[Result "1-0"]
[WhiteElo "2187"]
[BlackElo "2346"]
[PlyCount "0"]
[EventDate "2016.06.04"]
[SourceDate ""]

1. Nf3 c5 2. c3 Nf6 3. d4 b6 4. Bg5 Ne4 5. Bf4 Bb7 6. e3 g6 7. dxc5 Nxc5 8. Be5
f6 9. Bg3 Bg7 10. Nbd2 O-O 11. Qc2 e5 12. h4 d5 13. h5 g5 14. h6 Bh8 15. b4 Ne6
16. e4 Rf7 17. exd5 Bxd5 18. Bd3 Nc6 19. Rd1 Rc8 20. Qb1 Ne7 21. c4 Bxf3 22.
Nxf3 Qe8 23. O-O Qc6 24. Rfe1 Nf8 25. c5 bxc5 26. Bc4 cxb4 27. Bxf7+ Kxf7 28.
Bxe5 fxe5 29. Nxg5+ Kg8 30. Qxb4 Nfg6 31. Qb3+ Qc4 32. Rd8+ Nf8 33. Rxc8 Qxb3
34. Rxf8+ Kxf8 35. axb3 Nf5 36. Ra1 Nxh6 37. Rxa7 Nf5 1-0

[Event "39th Trusts Chess Open A"]
[Site "Henderson, Auckland NZL"]
[Date "2016.06.04" ]
[Round "2"]
[White "Smith, Robert W"]
[Black "Vincenti, David"]
[Result "1-0"]
[WhiteElo "2337"]
[BlackElo "2180"]
[PlyCount "0"]
[EventDate "2016.06.04"]
[SourceDate ""]

1. e4 d5 2. exd5 Qxd5 3. Nc3 Qd8 4. d4 Nf6 5. Bc4 a6 6. a4 Nc6 7. Nf3 Bf5 8.
O-O Nb4 9. Bb3 e6 10. Re1 Be7 11. h3 h6 12. Qe2 O-O 13. Bf4 c6 14. Bh2 Nbd5 15.
Nd1 a5 16. Bc4 Qb6 17. Bd3 Bxd3 18. Qxd3 Rfd8 19. Qe2 Qa6 20. Qxa6 Rxa6 21. c3
c5 22. Ne3 cxd4 23. Nxd5 Rxd5 24. Nxd4 Bc5 25. Nf3 Rb6 26. Re2 Rc6 27. Kf1 Ba7
28. Ne5 Rc8 29. g4 Bb8 30. Bg3 Bxe5 31. Bxe5 Nd7 32. Bd4 e5 33. Be3 Rc4 34. Rc2
Nc5 35. Bxc5 Rcxc5 36. Ke2 Rc4 37. Rd2 Re4+ 38. Kd1 Rxd2+ 39. Kxd2 Rf4 40. Ke3
g5 41. f3 Kg7 42. b3 Rf6 43. Rb1 Rc6 44. Kd3 Rf6 45. Ke4 Rc6 46. c4 Rf6 47. Rd1
Rb6 48. Rd3 f6 49. Kf5 Kf7 50. Rd7+ Ke8 51. Rh7 Rxb3 52. Kxf6 Rxf3+ 53. Kxe5
Rxh3 54. Rxb7 Re3+ 55. Kd5 Rd3+ 56. Ke6 Re3+ 57. Kf5 Rf3+ 58. Ke6 Re3+ 59. Kd5
Rd3+ 60. Kc5 Rg3 61. Rh7 Rxg4 62. Rxh6 Rf4 63. Kb5 Kd7 64. Rg6 Rf5+ 65. c5 Kc7
66. Rg7+ Kc8 67. Kb6 Rf1 68. Rg8+ Kd7 69. c6+ Kd6 70. Rg6+ 1-0

[Event "39th Trusts Chess Open A"]
[Site "Henderson, Auckland NZL"]
[Date "2016.06.04" ]
[Round "2"]
[White "James, Jack"]
[Black "McLaren, Leonard J"]
[Result "0-1"]
[WhiteElo "2097"]
[BlackElo "2330"]
[PlyCount "0"]
[EventDate "2016.06.04"]
[SourceDate ""]

1. e4 c5 2. Nc3 a6 3. g3 b5 4. Bg2 Bb7 5. Qe2 Nc6 6. Nf3 g6 7. O-O Bg7 8. Nd1
e6 9. c3 Nge7 10. b3 d5 11. Bb2 O-O 12. d3 d4 13. cxd4 cxd4 14. Rc1 Rc8 15. Nd2
Nb4 16. Rxc8 Bxc8 17. a3 Na2 18. e5 Qc7 19. Nf3 Nc1 20. Qe4 Bb7 21. Qxd4 Ne2+
0-1

[Event "39th Trusts Chess Open A"]
[Site "Henderson, Auckland NZL"]
[Date "2016.06.04" ]
[Round "2"]
[White "Noble, Mark F"]
[Black "Li, William Xiang Wei"]
[Result "1-0"]
[WhiteElo "2307"]
[BlackElo "2149"]
[PlyCount "0"]
[EventDate "2016.06.04"]
[SourceDate ""]

1. e4 c5 2. d4 cxd4 3. c3 dxc3 4. Nxc3 Nc6 5. Bc4 Nf6 6. Nf3 d6 7. e5 dxe5 8.
Qxd8+ Nxd8 9. Nb5 Rb8 10. Nxe5 e6 11. Nc7+ Ke7 12. Be3 Nd7 13. Nxd7 Kxd7 14.
O-O-O+ Kxc7 15. Bf4+ Kb6 16. Rxd8 Ra8 17. Bd6 Bxd6 18. Rxh8 h6 19. Rd1 Kc7 20.
Kb1 b6 21. Rc1 Bf4 22. Rc2 Bb7 23. Bd5+ Kd6 24. Rxa8 Bxd5 25. Rxa7 Be4 26. Rxf7
g5 27. g3 Bd2 28. b3 1-0

[Event "39th Trusts Chess Open A"]
[Site "Henderson, Auckland NZL"]
[Date "2016.06.04" ]
[Round "2"]
[White "Goodhue, Nathan"]
[Black "Ha, Huy Minh"]
[Result "0-1"]
[WhiteElo "2074"]
[BlackElo "1850"]
[PlyCount "0"]
[EventDate "2016.06.04"]
[SourceDate ""]

1. b3 e5 2. Bb2 Nc6 3. g3 d5 4. Bg2 Be6 5. d3 Nf6 6. Nd2 Qd7 7. h3 Bd6 8. e3 h6
9. Ne2 Nh7 10. a3 Ng5 11. h4 Nh7 12. b4 Ne7 13. c4 c6 14. c5 Bc7 15. Qc2 O-O
16. e4 f5 17. Nf3 fxe4 18. dxe4 d4 19. Rd1 Qe8 20. O-O Qf7 21. Rc1 Rad8 22. Qd3
Qh5 23. Nfxd4 exd4 24. Nxd4 Qf7 25. Qe3 Rd7 26. Nxe6 Qxe6 27. f4 Rfd8 28. f5
Nxf5 29. Rxf5 Rd3 30. Qe2 Rd2 31. Qg4 Rxb2 32. Rf8+ Nxf8 0-1

[Event "39th Trusts Chess Open A"]
[Site "Henderson, Auckland NZL"]
[Date "2016.06.04" ]
[Round "2"]
[White "Timergazi, Layla"]
[Black "Lyall, Simon"]
[Result "1-0"]
[WhiteElo "2152"]
[BlackElo "1988"]
[PlyCount "0"]
[EventDate "2016.06.04"]
[SourceDate ""]

1. e4 e5 2. Nf3 Nf6 3. Nxe5 d6 4. Nf3 Nxe4 5. Bc4 d5 6. Bb3 Bc5 7. d4 Bb6 8.
O-O O-O 9. Re1 Bg4 10. c3 c6 11. Nbd2 Nxd2 12. Bxd2 Bc7 13. h3 Bh5 14. Bc2 h6
15. g4 Bg6 16. Bxg6 fxg6 17. Qe2 Qf6 18. Kg2 g5 19. Qe6+ Qxe6 20. Rxe6 Nd7 21.
Re7 Rf7 22. Rae1 Kf8 23. Rxf7+ Kxf7 24. h4 gxh4 25. Nxh4 Re8 26. Rxe8 Kxe8 27.
Nf5 Kf7 28. f3 Kf6 29. Kf2 Nf8 30. Ke2 Ne6 {(=)} 31. b3 h5 32. Nh4 hxg4 33.
fxg4 g6 34. Kf3 Ng5+ 35. Bxg5+ Kxg5 36. Ng2 a5 37. c4 dxc4 38. bxc4 Bd6 39. Ne3
Bf4 40. Nd1 Bd2 41. Nf2 Bb4 {(=)} 42. Ne4+ Kh6 43. Kf4 Be7 44. c5 Kg7 45. Ke5
Kf8 46. Nd6 Bd8 47. Nxb7 Bc7+ 48. Kf6 Ke8 49. Kxg6 Ke7 50. Kf5 Kf7 51. g5 1-0

[Event "39th Trusts Chess Open A"]
[Site "Henderson, Auckland NZL"]
[Date "2016.06.04" ]
[Round "2"]
[White "Marko, Helmut S"]
[Black "Forster, William"]
[Result "1-0"]
[WhiteElo "1993"]
[BlackElo "2075"]
[PlyCount "0"]
[EventDate "2016.06.04"]
[SourceDate ""]

1. Nf3 d5 2. g3 Nf6 3. Bg2 c6 4. O-O Bf5 5. d3 Nbd7 6. Nbd2 e5 7. Nh4 Be6 8. e4
Bc5 9. Nb3 Bb6 10. Qe1 O-O 11. Kh1 Re8 12. c3 dxe4 13. dxe4 Bc4 14. Rg1 Ng4 15.
Be3 Bxe3 16. fxe3 g6 17. h3 Ngf6 18. Qf2 Qb6 19. Nd2 Bd3 20. b3 Re6 21. Nhf3
Bxe4 22. Ng5 Bxg2+ 23. Kxg2 Re7 24. Rgf1 c5 25. Rad1 Qc6+ 26. Kg1 h6 27. Ngf3
Kg7 28. Nh4 Rd8 29. e4 Nf8 30. Rde1 Qe6 31. Kh2 Rd3 32. Re3 Red7 33. Nhf3 Rxe3
34. Qxe3 Rc7 35. c4 N8d7 36. Nb1 Rc6 37. Nc3 Rc8 38. Rd1 b6 39. Rd3 Qc6 40. g4
g5 41. Nd2 Nf8 42. Nf1 Ne6 43. Nd5 Qb7 44. Ng3 Nd4 45. Qf2 Nxd5 46. exd5 Qe7 $4
47. Rxd4 cxd4 48. Nf5+ 1-0

[Event "39th Trusts Chess Open A"]
[Site "Henderson, Auckland NZL"]
[Date "2016.06.04" ]
[Round "2"]
[White "Wright, Caleb"]
[Black "Bennett, Hilton P"]
[Result "0-1"]
[WhiteElo "1982"]
[BlackElo "2052"]
[PlyCount "0"]
[EventDate "2016.06.04"]
[SourceDate ""]

1. d4 Nf6 2. c4 g6 3. f3 Bg7 4. e4 d6 5. Nc3 O-O 6. Be3 c6 7. Qd2 a6 8. Nge2 b5
9. Nc1 bxc4 10. Bxc4 d5 11. exd5 cxd5 12. Be2 Nc6 13. O-O e6 14. Nb3 Nd7 15.
Rfd1 Na5 16. Nxa5 Qxa5 17. Rac1 Bb7 18. b3 Rfc8 19. Nb1 Qxd2 20. Nxd2 Nf6 21.
Nb1 Ne8 22. Nc3 Nd6 23. g4 Bc6 24. Kf1 a5 25. Rc2 a4 26. Rb1 axb3 27. axb3 Bd7
28. Rcc1 h5 29. h3 hxg4 30. hxg4 Rcb8 31. Bd3 Ra3 32. Bc2 Rc8 33. Bd3 Rb8 34.
Bc2 {(=)} Nb5 35. Nxb5 Bxb5+ 36. Kf2 e5 37. dxe5 Bxe5 38. f4 Bg7 39. Bd1 d4 40.
Bd2 d3 41. Bc3 Ra2+ 42. Kg3 d2 43. Bxd2 Rxd2 44. Bf3 Rb2 45. Rxb2 Bxb2 46. Rc7
g5 47. Bd5 Be8 48. Kf3 gxf4 49. Kxf4 Rd8 50. Ke4 Rd7 51. Rc5 Re7+ 52. Kd3 Bd7
53. Bf3 Ba3 54. Rg5+ Kf8 55. Kc4 Be6+ 56. Bd5 Rc7+ 57. Kd4 Rd7 58. Ke4 Bxd5+
59. Rxd5 Rxd5 60. Kxd5 Kg7 61. Ke5 Kg6 62. Kf4 Bd6+ 63. Kf3 Kg5 0-1

[Event "39th Trusts Chess Open A"]
[Site "Henderson, Auckland NZL"]
[Date "2016.06.04" ]
[Round "2"]
[White "Fan, Allen Chi Zhou"]
[Black "Sarmiento, Noel"]
[Result "0-1"]
[WhiteElo "2047"]
[BlackElo "1922"]
[PlyCount "0"]
[EventDate "2016.06.04"]
[SourceDate ""]

1. Nf3 d6 2. c4 g6 3. g3 c5 4. Bg2 Nc6 5. d4 cxd4 6. Nxd4 Bd7 7. O-O Bg7 8. Nc2
Nf6 9. Nc3 O-O 10. h3 Rc8 11. Be3 b6 12. Qd2 Na5 13. b3 Bc6 14. Rad1 Bxg2 15.
Kxg2 Re8 16. Bh6 Bh8 17. e4 Qc7 18. Ne3 Qb7 19. Ned5 Red8 20. Kh2 Nc6 21. f4 e6
22. Nxf6+ Bxf6 23. Nb5 d5 24. cxd5 exd5 25. e5 Be7 26. Rf2 Qd7 27. Qb2 Qe6 28.
Re2 a6 29. Nd6 Rc7 30. g4 d4 31. Ne4 Rcd7 32. Ng5 Bxg5 33. Bxg5 Re8 34. f5 Qd5
35. e6 fxe6 36. Rde1 e5 37. fxg6 hxg6 38. Qd2 e4 39. Bf4 Re6 40. Rd1 Rf6 41.
Bg3 Rdf7 42. Qe3 Re6 43. Qg1 Ne5 44. Bxe5 Qxe5+ 45. Qg3 Qxg3+ 46. Kxg3 Rd7 47.
Rf1 e3 48. Rd1 d3 49. Ree1 Kg7 50. Kf3 e2 51. Rd2 Rf7+ 52. Kg2 Re3 53. h4 Rf4
54. g5 Rxh4 55. Kf2 Rhh3 56. a4 Ref3+ 57. Kg2 Rfg3+ 58. Kf2 Rxg5 59. b4 b5 60.
a5 Rd5 61. Kg2 Rhh5 62. Kf3 Kf6 63. Ke4 Rhe5+ 64. Kf3 Rd4 65. Kf2 Ke6 66. Kf3
Kd5 67. Kf2 Kc4 68. Rc1+ Kxb4 69. Ke1 Kxa5 70. Ra1+ Kb6 71. Rc1 Rf4 0-1

[Event "39th Trusts Chess Open A"]
[Site "Henderson, Auckland NZL"]
[Date "2016.06.04" ]
[Round "2"]
[White "Gilmour, Mark"]
[Black "Macdonald, Paul"]
[Result "0-1"]
[WhiteElo "1850"]
[BlackElo "2040"]
[PlyCount "0"]
[EventDate "2016.06.04"]
[SourceDate ""]

1. d4 d6 2. c4 e5 3. dxe5 dxe5 4. Qxd8+ Kxd8 5. e4 Be6 6. b3 Nd7 7. Be3 c6 8.
Bd3 Kc7 9. Ne2 Bc5 10. Bxc5 Nxc5 11. Bc2 Nf6 12. Nbc3 Rhd8 13. f3 a5 14. Rd1
Rxd1+ 15. Nxd1 a4 16. Nc1 axb3 17. axb3 Ra3 18. Nf2 Nfd7 19. Kd2 f6 20. Rd1 b5
21. b4 Na6 22. cxb5 cxb5 23. Nfd3 Nb6 24. Ke1 Nc4 25. Bb3 Kc6 26. Ke2 Bf7 27.
Kf2 Nd6 28. Bxf7 Nxf7 29. Rd2 Rc3 30. Ra2 Kb6 31. Rb2 Nd8 32. Ke2 Nc6 33. Kd2
Rc4 34. Na2 Rd4 35. Kc3 g6 36. g3 Nc7 37. Nac1 Ne6 38. Nb3 Rc4+ 39. Kd2 Nxb4
40. Nbc1 Nc6 41. Ne2 Ncd4 42. Nxd4 Nxd4 43. f4 Nc6 44. Ke3 b4 45. Rb3 Kb5 46.
Nb2 Rc3+ 47. Rxc3 bxc3 48. Nd3 Kc4 49. Nc1 Nb4 50. fxe5 fxe5 51. h4 h5 52. Kf3
Nd3 53. Ne2 c2 54. g4 c1=Q 0-1

[Event "39th Trusts Chess Open A"]
[Site "Henderson, Auckland NZL"]
[Date "2016.06.04" ]
[Round "2"]
[White "Lim, Benjamin U"]
[Black "Zhang, Jasmine Haomo"]
[Result "1-0"]
[WhiteElo "2037"]
[BlackElo "1859"]
[PlyCount "0"]
[EventDate "2016.06.04"]
[SourceDate ""]

1. e4 c5 2. d3 d6 3. g3 Nc6 4. Bg2 g6 5. Nf3 Bg7 6. O-O e6 7. Re1 Nge7 8. c3
O-O 9. d4 cxd4 10. cxd4 d5 11. e5 b6 12. Nc3 Re8 13. Bf4 Ba6 14. Qd2 Rc8 15.
Rac1 Qd7 16. Bf1 Bxf1 17. Kxf1 Na5 18. b3 Rc6 19. Bh6 Rec8 20. Ne2 R8c7 21.
Rxc6 Rxc6 22. Rc1 Qc7 23. Rxc6 Qxc6 24. Qg5 Qc7 25. Bxg7 Kxg7 26. Qf6+ Kg8 27.
g4 Nec6 28. h4 Qe7 29. Qxe7 Nxe7 30. Ne1 Nac6 31. Nd3 Kf8 32. f4 Ke8 33. Kf2
Ng8 34. Kf3 Nh6 35. b4 Kd7 36. a3 Kc7 37. Nf2 Kb7 38. Ke3 a6 39. Kd3 Na7 40. a4
Nc6 41. Kc3 Kc7 42. Ng1 Ng8 43. Nf3 h6 44. Nd1 Nge7 45. Ne3 Kd7 46. Ng1 Ke8 47.
Ne2 Kf8 48. Ng3 Nc8 49. f5 N8a7 50. Ne2 Kg7 51. Nf4 Nd8 52. Nexd5 exd5 53. Nxd5
Nc8 54. Nc7 a5 55. b5 Kf8 56. Kc4 Ke7 57. d5 gxf5 58. gxf5 Nb7 59. f6+ Kd8 60.
Na6 Kd7 61. Kd4 Ke8 62. Nc7+ Kd7 63. Na6 Kd8 64. d6 Ncxd6 65. exd6 Nxd6 66. Kd5
Kd7 67. Nb8+ Kc7 68. Nc6 Nf5 69. Ne5 Nd6 70. h5 Ne8 71. Ng4 Kd7 72. Ke5 Nd6 73.
Nxh6 Nc4+ 74. Kd4 Nd6 75. Ng4 Nf5+ 76. Ke5 Nh4 77. Kd5 Nf3 78. Ne5+ Ke8 79.
Nxf3 Kf8 80. Kd6 Kg8 81. Ke7 Kh7 82. Kxf7 Kh6 83. Ke8 1-0

[Event "39th Trusts Chess Open A"]
[Site "Henderson, Auckland NZL"]
[Date "2016.06.04" ]
[Round "2"]
[White "Shen, Terry"]
[Black "Runcan, Daniel I"]
[Result "0-1"]
[WhiteElo "1813"]
[BlackElo "2004"]
[PlyCount "0"]
[EventDate "2016.06.04"]
[SourceDate ""]

1. d4 Nf6 2. c4 e6 3. Nc3 Bb4 4. Qc2 b6 5. e3 Bb7 6. Nf3 Ne4 7. Bd3 f5 8. Bd2
Nxd2 9. Nxd2 Nc6 10. O-O-O Qf6 11. a3 Bf8 12. Nb5 O-O-O 13. d5 Ne5 14. Nxa7+
Kb8 15. Nb5 Nxd3+ 16. Qxd3 c6 17. Nc3 exd5 18. cxd5 cxd5 19. Kb1 d4 20. exd4 d5
21. Nb5 Ba6 22. Qg3+ Bd6 23. Nxd6 Rxd6 24. Qe5 Qg6 25. Rc1 Re8 26. Qf4 Kb7 27.
g3 Qf6 28. h4 Bd3+ 29. Ka1 Rc6 30. Nf3 Rec8 31. Rxc6 Qxc6 32. Ne5 Qb5 33. Nxd3
Qxd3 34. Re1 Rc2 35. Qe5 Qb3 36. Qxg7+ Ka6 37. Rb1 Rxf2 38. Qxh7 Qxg3 39. Qh8
Ka7 40. Re1 Qb3 41. Re7+ Ka6 42. Qc8+ Kb5 43. Qc1 Qc4 44. Qxc4+ Kxc4 45. h5 Rh2
46. Rh7 Kb3 0-1